El libro de Chuang tse : (Registro nro. 48139)

Detalles MARC
000 -LEADER
fixed length control field 01229nam a2200289 4500
001 - CONTROL NUMBER
control field 0000019734
003 - CONTROL NUMBER IDENTIFIER
control field CO-CtgCURN
005 - DATE AND TIME OF LATEST TRANSACTION
control field 20250506203459.0
008 - FIXED-LENGTH DATA ELEMENTS--GENERAL INFORMATION
fixed length control field 160627s2001 000 0 eng d
020 ## - INTERNATIONAL STANDARD BOOK NUMBER
International Standard Book Number 8441409110
040 ## - CATALOGING SOURCE
Original cataloging agency CO-CtgCURN
Language of cataloging spa
Transcribing agency coctgcurn
082 0# - DEWEY DECIMAL CLASSIFICATION NUMBER
Classification number 181.114
Item number L616
100 1# - MAIN ENTRY--PERSONAL NAME
Personal name Palmer, Martin.
245 13 - TITLE STATEMENT
Title El libro de Chuang tse :
Remainder of title version de Martin Palmer y Elizabeth BreuiLLy.
260 ## - PUBLICATION, DISTRIBUTION, ETC.
Place of publication, distribution, etc. Madrid :
Name of publisher, distributor, etc. Arca de Sabiduria,
Date of publication, distribution, etc. 2001.
300 ## - PHYSICAL DESCRIPTION
Extent 482 p.
336 ## - CONTENT TYPE
Source rdacontent
337 ## - MEDIA TYPE
Source rdamedia
Media type term sin mediacion
Media type code n
338 ## - CARRIER TYPE
Source rdacarrier
Carrier type term volumen
Carrier type code nc
500 ## - GENERAL NOTE
General note Incluye indice.
505 8# - FORMATTED CONTENTS NOTE
Formatted contents note Caminar pordonde uno quiera.--Hacerlo todo serenamente.--El alimento de la vida.--Fuera sobre el mundo.--Signos de la virtud real.--El gran maestro original.--Tratando con reyes y emperadores.--Dedos palmeados.--Pezuñas de caballos.--Maletas rotas.--Dejar el mundo abierto.--Cielo y tierra.--El tao del cielo.--Rigido y arrogante.--Los ignorantes y los engañadores
650 #0 - SUBJECT ADDED ENTRY--TOPICAL TERM
Topical term or geographic name entry element Religion y mitología.
700 1# - ADDED ENTRY--PERSONAL NAME
Personal name BreuiLLy, Elizabeth.
908 ## - PUT COMMAND PARAMETER (RLIN)
Put command parameter 160627
942 ## - ADDED ENTRY ELEMENTS (KOHA)
Koha item type Libros
Classification part 181.114
Item part L616
Source of classification or shelving scheme Dewey Decimal Classification
999 ## - SYSTEM CONTROL NUMBERS (KOHA)
-- 1
Existencias
Withdrawn status Lost status Source of classification or shelving scheme Damaged status Not for loan Home library Current library Shelving location Date acquired Inventory number Total checkouts Full call number Barcode Date last seen Price effective from Koha item type Public note
    Dewey Decimal Classification     Miguel Henríquez Castañeda Miguel Henríquez Castañeda General 03/04/2019 003874   181.114 L616 003874 03/04/2019 03/04/2019 Libros 180-FILAMO